Bronie w CS2 - Statystyki

Ogólne statystyki
  • Ten quiz został rozwiązany 388 razy
  • Średni wynik to 28 z 68
Statystyki odpowiedzi
Rodzaj Broń % Poprawnych
Pistolet (T) Glock-18
95%
Pistolet (CT) USP-S
88%
Karabin szturmowy (T) AK-47
87%
Pistolet Desert Eagle
83%
Karabin szturmowy (CT) M4A4
80%
Karabin snajperski AWP
79%
Karabin szturmowy (CT) M4A1-S
77%
Pistolet P250
75%
Pistolet (CT) P2000
74%
Pistolet (CT) Five-SeveN
73%
Strzelba Nova
68%
Karabin maszynowy Negev
67%
Pistolet maszynowy (CT) MP9
66%
Pistolet (T) Tec-9
66%
Pistolet maszynowy MP7
62%
Karabin szturmowy (CT) FAMAS
61%
Karabin szturmowy (T) Galil AR
60%
Pistolet maszynowy (T) MAC-10
58%
Strzelba (T) Obrzyn
56%
Nóż Karambit
54%
Pistolet Rewolwer R8
53%
Pistolet maszynowy P90
52%
Strzelba (CT) MAG-7
51%
Granat Granat dymny
50%
Granat (T) Koktajl Mołotowa
50%
Karabin snajperski (CT) SCAR-20
50%
Karabin szturmowy (CT) AUG
49%
Nóż Nóż motylkowy
47%
Pistolet CZ75-Auto
46%
Pistolet Dwie Beretty
46%
Granat Wabik
37%
Karabin maszynowy M249
36%
Karabin snajperski SSG 08
36%
Granat (CT) Granat zapalający
35%
Nóż Bagnet
32%
Granat Granat błyskowo-hukowy
32%
Granat Granat zaczepny
32%
Nóż (CT) Nóż
32%
Nóż (T) Nóż
32%
Karabin szturmowy (T) SG 553
32%
Strzelba XM1014
32%
Inne Zeus X27
31%
Pistolet maszynowy MP5-SD
27%
Pistolet maszynowy PP-Bizon
27%
Nóż Szpon
27%
Pistolet maszynowy UMP-45
26%
Nóż Sztylet
23%
Nóż Nóż Bowie
22%
Karabin snajperski (T) G3SG1
21%
Nóż Navaja
21%
Nóż Bagnet M9
20%
Nóż Nóż do patroszenia
20%
Nóż Nóż składany
18%
Nóż Nóż myśliwski
16%
Nóż Nóż Kukri
15%
Nóż Sztylety cienia
15%
Inne (CT) Zestaw do rozbrajania
15%
Inne Hełm
14%
Inne Kamizelka
14%
Nóż Nóż klasyczny
14%
Nóż Nóż paracord
14%
Nóż Nóż Falcjona
13%
Nóż Nóż Ursus
13%
Nóż Nóż szkieletowy
11%
Inne (T) C4
10%
Nóż Nóż nomada
9%
Nóż Nóż survivalowy
8%
Inne (CT) Zestaw do ratowania
3%
Nie znaleziono quizów pasujących do podanych kryteriów
Rozkład punktacji
Procent ludzi z każdym wynikiem
Percentyl według liczby udzielonych odpowiedzi
Twoja historia wyników
Nie rozwiązałeś tego quizu